La Unidad nacional en América Latina
Guardado en:
| Autor principal: | |
|---|---|
| Autor Corporativo: | |
| Formato: | Texto |
| Publicado: |
México, D.F:
CM
|
| Etiquetas: |
Agregar Etiqueta
Sin Etiquetas, Sea el primero en etiquetar este registro!
|
MARC
| LEADER | 00000 a a2200000 04500 | ||
|---|---|---|---|
| 001 | 24375 | ||
| 003 | |||
| 040 | |||
| 090 | |a 172700 | ||
| 100 | |a Palacios, Marcos | ||
| 110 | |a Colegio de México | ||
| 245 | |a La Unidad nacional en América Latina | ||
| 260 | |a México, D.F: |b CM | ||
| 300 | |a 149 p | ||
| 999 | |c 4912 |d 4912 | ||
